| 000 | 00595nam a2200217Ia 4500 | ||
|---|---|---|---|
| 005 | 20250508151833.0 | ||
| 008 | 008 250505s9999 xx 000 0 eng d | ||
| 037 | _aBooks to be hide in OPAC | ||
| 040 |
_aFEDL _beng _cFEDL |
||
| 041 |
_aeng _2eng |
||
| 084 |
_a530.76, MAT/O _qFEDL |
||
| 100 |
_aMathur D S _9262791 |
||
| 245 | 0 | _aIntermediate physics | |
| 250 | _a2 | ||
| 260 |
_aDelhi, India _bPremier Publishing Co. _c1956 |
||
| 300 | _a670p | ||
| 365 |
_aINR _b7.8 |
||
| 490 | _aOur Refresher Course Series | ||
| 942 |
_cHB _h530.76, MAT/O |
||
| 999 |
_c1332421 _d1332421 |
||